Európska únia a trvalo udržateľný rozvoj

Guardado en:
Detalles Bibliográficos
Autor principal: Urblíková, Daniela
Formato: Capítulo de libro
Lenguaje:eslovaco
Etiquetas: Agregar Etiqueta
Sin Etiquetas, Sea el primero en etiquetar este registro!

MARC

LEADER 00000naa$a2200000$$$4500
001 0096524
005 20240502083242.6
041 0 |a slo 
044 |a CZ 
245 1 0 |a Európska únia a trvalo udržateľný rozvoj  |c Daniela Urblíková 
100 1 |a Urblíková, Daniela